Международный светотехнический словарь: англ., голланд., дат., испан., итал., нем., польск., фран., швед.

Dades bibliogràfiques
Autor corporatiu: Международная комиссия по освещению Ком. по участию СССР в междунар. энергет. объединениях
Idioma:rus
neerlandès
danès
espanyol
alemany
suec
italià
polonès
francès
anglès
Publicat: Москва, Физматгиз, 1963
Matèries:
Format: MixedMaterials Llibre
KOHA link:https://koha.lib.tpu.ru/cgi-bin/koha/opac-detail.pl?biblionumber=122358

MARC

LEADER 00000nam0a2200000 4500
001 122358
005 20231031125938.0
035 |a (RuTPU)RU\TPU\book\132487 
090 |a 122358 
100 |a 20071002d1963 km y0rusy50 ca 
101 0 |a rus  |a dut  |a dan  |a spa  |a ger  |a swe  |a ita  |a pol  |a fre  |a eng 
102 |a RU 
105 |a a e 001zy 
200 1 |a Международный светотехнический словарь  |e англ., голланд., дат., испан., итал., нем., польск., фран., швед.  |f Международная комиссия по освещению, Ком. по участию СССР в междунар. энергет. объединениях 
210 |a Москва  |c Физматгиз  |d 1963 
215 |a 428 с.  |c ил. 
320 |a Указатель терминов: с. 342-423. 
610 1 |a светотехника 
610 1 |a освещение 
610 1 |a терминологические словари 
610 1 |a многоязычные словари 
675 |a 628.9(038)  |v 3 
712 0 2 |a Международная комиссия по освещению  |b Ком. по участию СССР в междунар. энергет. объединениях 
801 1 |a RU  |b 63413507  |c 20071002  |g PSBO 
801 2 |a RU  |b 63413507  |c 20160317  |g PSBO 
942 |c BK